Kmity a vlny ve fyzice /

Gespeichert in:
Bibliographische Detailangaben
1. Verfasser: Main, Iain G (Verfasst von)
Weitere Verfasser: Preinhaelter, Josef (Übersetzung)
Format: Buch
Sprache:Tschechisch
Veröffentlicht: Praha : Academia, 1990
Ausgabe:1.vyd.
Schlagworte:
Tags: Tag hinzufügen
Keine Tags, Fügen Sie das erste Tag hinzu!

MARC

LEADER 00000nam a22000003a 4500
001 stu38839
005 20150617225724.8
008 921126s1990----cs------------------cze-d
040 |a STU  |b slo 
041 0 |a cze 
044 |a cs 
080 |a 534.1/.2(075.8)  |7 stu_us_auth*stu12285 
100 1 |a Main, Iain G  |4 aut 
245 1 |a Kmity a vlny ve fyzice /  |c [aut.]Iain G. Main; Z angl. Josef Preinhaelter 
250 |a 1.vyd. 
260 |a Praha :  |b Academia,  |c 1990 
300 |a 346 s 
650 7 |a Kmity  |2 stusub 
650 7 |a vlny  |2 stusub 
650 7 |a fyzika  |2 stusub 
700 1 |a Preinhaelter, Josef  |4 trl 
996 |b 284M056206  |c M*7627-1  |l MMKN  |s A  |a 24  |w stu38839_0001 
996 |b 284M022031  |c M*7627-4  |l MMKN  |s A  |a 24  |w stu38839_0002 
996 |b 284M052978  |c M*7627-5  |l MMKN  |s A  |a 24  |w stu38839_0003